The control of industry (Record no. 184518)

000 -LEADER
fixed length control field 00770 a2200169 4500
003 - CONTROL NUMBER IDENTIFIER
control field Nust
005 - DATE AND TIME OF LATEST TRANSACTION
control field 20230306113958.0
040 ## - CATALOGING SOURCE
Transcribing agency Nust
082 ## - DEWEY DECIMAL CLASSIFICATION NUMBER
Classification number 338, ROB
100 ## - MAIN ENTRY--PERSONAL NAME
Personal name Robertson, D. H.
9 (RLIN) 109839
245 ## - TITLE STATEMENT
Title The control of industry
Statement of responsibility, etc. D. H. Robertson
260 ## - PUBLICATION, DISTRIBUTION, ETC.
Place of publication, distribution, etc. London
Name of publisher, distributor, etc. Cambridge
Date of publication, distribution, etc. 1945
300 ## - PHYSICAL DESCRIPTION
Extent 169 p.
505 ## - FORMATTED CONTENTS NOTE
Formatted contents note Introductory (Page-1), Large Scale Industry (Page-15), Some Development Of Large Scale Industry (Page-27), The Organization Of Marketing (Page-41), The Capitalization Of Industry (Page-57), Finance And Industry (Page-73), A Survey Of Capitalism (Page-84), Industry And The Consumer (Page-101), Collectivism And Communism (Page-113), Workers Control (Page-134), Joint Control (Page-148).
650 ## - SUBJECT ADDED ENTRY--TOPICAL TERM
Topical term or geographic name entry element Industry
9 (RLIN) 109822
942 ## - ADDED ENTRY ELEMENTS (KOHA)
Source of classification or shelving scheme
Koha item type Book
Holdings
Withdrawn status Lost status Source of classification or shelving scheme Damaged status Not for loan Permanent Location Current Location Shelving location Date acquired Full call number Barcode Date last seen Price effective from Koha item type Public note
          Military College of Signals (MCS) Military College of Signals (MCS) General Stacks 12/12/2016 338,ROB MCS30017 12/08/2016 12/12/2016 Book Almirah No.50, Shelf No.4
© 2023 Central Library, National University of Sciences and Technology. All Rights Reserved.